Ley General de Sociedades Mercantiles : comentada /

Na minha lista:
Detalhes bibliográficos
Autor Corporativo: México
Outros Autores: Castrillón y Luna, Víctor Manuel (comentarios) (comentarios)
Formato: Livro
Idioma:espanhol
Publicado em: México : Porrúa, 2016, c2016
Edição:8a edición
Assuntos:
Tags: Adicionar Tag
Sem tags, seja o primeiro a adicionar uma tag!

MARC

LEADER 00000nam^a2200000^a^4500
001 000392458
005 20250521000000.0
009 20260310121242.562
037 |a Acervo ITESO - Biblioteca 
041 |a ESP 
082 |a 346. 720668  |b MEX 2016 
110 |a México 
240 1 1 |a [Leyes, etc.] 
240 1 1 |a [Ley General de Sociedades Mercantiles] 
245 1 0 |a Ley General de Sociedades Mercantiles :  |b comentada /  |c Comentarios de V.M. Castrillón y Luna. 
250 |a 8a edición  |b corregida y aumentada 
264 4 |a México :  |b Porrúa,  |c 2016, c2016 
300 |a XLI, 326 p. 
336 |a texto  |b txt  |2 rdacontenido 
337 |a sin mediación  |b n  |2 rdamedio 
338 |a volumen  |b nc  |2 rdasoporte 
521 |a 2017 BO Licenciatura en Contaduría y Gobierno Corporativo 
649 |a XX 
650 |a Sociedades Mercantiles -  |z México -  |x Leyes y Reglamentos -  |x Tema Principal 
650 |a Cooperativas -  |z México -  |x Leyes y Reglamentos 
650 |a Derecho Mercantil -  |z México -  |x Leyes y Reglamentos 
650 |a Derecho Civil -  |z México -  |x Leyes y Reglamentos 
650 |a Derecho Privado -  |z México -  |x Leyes y Reglamentos 
650 |a México -  |x Leyes y Reglamentos 
700 |a Castrillón y Luna, Víctor Manuel  |e (comentarios) 
910 |a Fondo General 
920 |a Impresos - Libros 
930 |a Colección General 
905 |a 101 
901 |a 0500287161  |b IT1  |c ACC  |i C154690  |u 20250521 
902 |a https://opac.biblio.iteso.mx/vufind/Record/000392458